[Event "Online Olym Top DivA 2020"]
[Site "chess.com INT"]
[Date "2020.08.23"]
[Round "7.5"]
[Board "4"]
[White "Alinasab, Mobina"]
[Black "Aulia, Medina Warda"]
[Result "1-0"]
[WhiteTitle "WIM"]
[BlackTitle "IM"]
[WhiteElo "2317"]
[BlackElo "2360"]
[WhiteTeam "Iran"]
[BlackTeam "Indonesia"]
[WhiteFideId "12528897"]
[BlackFideId "7101570"]
[EventDate "2020.08.21"]
[EventType "team"]

1. e4 e6 2. d4 d5 3. Nc3 Bb4 4. Qd3 Ne7 5. Bd2 c5 6. dxc5 O-O 7. O-O-O Nbc6 8.
exd5 exd5 9. Bf4 Bf5 10. Qg3 Qa5 11. Nge2 Bxc3 12. Qxc3 Qxa2 13. Qa3 Qxa3 14.
bxa3 Rac8 15. Bd6 Rfe8 16. Nf4 h6 17. Nxd5 Nxd5 18. Rxd5 Be4 19. Rd2 Nd8 20. f3
Bc6 21. Bc4 a6 22. Kb2 Bb5 23. Bd5 Bc6 24. Bb3 Ne6 25. Re1 Nxc5 26. Rxe8+ Bxe8
27. Bxc5 Rxc5 28. Rd8 Kf8 29. Rb8 b5 30. a4 Ke7 31. a5 b4 32. Rxb4 Rxa5 33. Re4+
Kf8 34. c4 Bc6 35. Re3 Rg5 36. g3 Rf5 37. f4 g5 38. fxg5 hxg5 39. Re2 a5 40. Bc2
Rc5 41. Kc3 Bd7 42. Kd4 Rc7 43. Re5 Be6 44. Bd3 Ra7 45. Rxg5 a4 46. Bb1 a3 47.
Ba2 Rb7 48. Ra5 Rb2 49. Rxa3 Rxh2 50. Bb3 Rg2 51. Ba4 Rd2+ 52. Kc5 Ke7 53. Bc6
Rc2 54. Bd5 Kf6 55. Rf3+ Ke5 56. Re3+ Kf6 57. Kd6 Rd2 58. Rf3+ Kg5 59. Kc6 Kg4
60. Re3 Rc2 61. Bxe6+ fxe6 62. c5 Kf5 63. Kd6 Rd2+ 64. Kc7 e5 65. c6 e4 66. Kb7
Rd3 67. c7 Rxe3 68. c8=Q+ Ke5 69. Qc5+ 1-0

[Event "Online Olym Top DivA 2020"]
[Site "chess.com INT"]
[Date "2020.08.23"]
[Round "7.5"]
[Board "5"]
[White "Tarigan, Gilbert Elroy"]
[Black "Tabatabaei, M.amin"]
[Result "1/2-1/2"]
[WhiteTitle "IM"]
[BlackTitle "GM"]
[WhiteElo "2149"]
[BlackElo "2629"]
[WhiteTeam "Indonesia"]
[BlackTeam "Iran"]
[WhiteFideId "7108133"]
[BlackFideId "12521213"]
[EventDate "2020.08.21"]
[EventType "team"]

1. Nf3 c5 2. c4 Nc6 3. g3 g6 4. Bg2 Bg7 5. O-O e6 6. Nc3 Nge7 7. d4 Nxd4 8. Nxd4
cxd4 9. Nb5 Nf5 10. Bf4 e5 11. e4 a6 12. exf5 axb5 13. Bxe5 Bxe5 14. Re1 d6 15.
f4 O-O 16. fxe5 dxe5 17. Rxe5 Bxf5 18. Rd5 Qc7 19. Qxd4 bxc4 20. Rc5 Qe7 21.
Qxc4 Qe3+ 22. Kh1 Rfd8 23. Rc7 Be6 24. Qc3 Qxc3 25. bxc3 Rxa2 26. Rxa2 Rd1+ 27.
Bf1 Bxa2 28. Kg2 Rd2+ 29. Kg1 Rc2 30. Bc4 Bxc4 31. Rxc4 Rb2 32. Rc7 Kg7 33. c4
Kf6 34. c5 h5 35. c6 bxc6 36. Rxc6+ Kg5 37. Rc4 f6 38. Ra4 Re2 39. Rb4 Kf5 40.
Rf4+ Ke5 41. Ra4 g5 42. Rb4 Kf5 43. Ra4 Re4 44. Ra6 h4 45. gxh4 Rxh4 46. Kg2 Rb4
47. Kg3 Rb3+ 48. Kg2 g4 49. Ra5+ Kf4 50. Ra4+ Kg5 51. Ra5+ f5 52. Rc5 Re3 53.
Ra5 Kf4 54. Ra4+ Re4 55. Ra2 Re3 56. Ra4+ Kg5 57. Ra5 Rc3 58. Rb5 Rd3 59. Ra5
Kf6 60. Ra6+ Ke5 61. Ra5+ Rd5 62. Ra8 f4 63. Re8+ Kf5 64. Rf8+ Ke4 65. Re8+ Re5
66. Ra8 Rd5 67. Re8+ Kd3 68. Rg8 Ke4 69. Re8+ 1/2-1/2

[Event "Online Olym Top DivA 2020"]
[Site "chess.com INT"]
[Date "2020.08.23"]
[Round "7.5"]
[Board "6"]
[White "Zahedifar, Anahita"]
[Black "Fisabilillah, Ummi"]
[Result "0-1"]
[WhiteTitle "WFM"]
[BlackTitle "WIM"]
[WhiteElo "2213"]
[BlackElo "2159"]
[WhiteTeam "Iran"]
[BlackTeam "Indonesia"]
[WhiteFideId "12560715"]
[BlackFideId "7104804"]
[EventDate "2020.08.21"]
[EventType "team"]

1. d4 e6 2. c4 Nf6 3. Nc3 Bb4 4. Qc2 O-O 5. e4 d6 6. e5 Nfd7 7. Nf3 h6 8. a3
Bxc3+ 9. Qxc3 b6 10. Be2 Bb7 11. O-O Re8 12. Bf4 Nf8 13. c5 dxc5 14. dxc5 Nc6
15. Bb5 Rc8 16. Qe3 a6 17. Ba4 b5 18. Bc2 Ne7 19. Be4 Bxe4 20. Qxe4 Nd5 21. a4
Ra8 22. Rfd1 c6 23. Nd4 Qc7 24. Qf3 Ng6 25. Bg3 bxa4 26. Rxa4 Reb8 27. b3 Nge7
28. Rda1 a5 29. h4 Ra6 30. h5 Qa7 31. Rc1 Rb4 32. Bh4 Qb7 33. Qd3 Ra8 34. Rca1
Rxa4 35. Rxa4 Nb4 36. Qe4 Ned5 37. Qg4 Nd3 38. Bf6 Nxf6 39. exf6 g5 40. hxg6 Kh8
41. Qh3 fxg6 42. Qxh6+ Qh7 43. Qxh7+ Kxh7 44. Nxe6 Re8 45. Ng5+ Kh6 46. Nf7+ Kh7
47. Rh4+ Kg8 48. Nh6+ Kf8 49. f7 Re1+ 50. Kh2 Nxf2 51. Kg3 Ne4+ 52. Kf4 g5+ 53.
Kf5 gxh4 54. Kg6 Nxc5 0-1

[Event "Online Olym Top DivA 2020"]
[Site "chess.com INT"]
[Date "2020.08.23"]
[Round "8.1"]
[Board "1"]
[White "Le, Quang Liem"]
[Black "Maghsoodloo, Parham"]
[Result "1/2-1/2"]
[WhiteTitle "GM"]
[BlackTitle "GM"]
[WhiteElo "2709"]
[BlackElo "2676"]
[WhiteTeam "Vietnam"]
[BlackTeam "Iran"]
[WhiteFideId "12401137"]
[BlackFideId "12539929"]
[EventDate "2020.08.21"]
[EventType "team"]

1. d4 Nf6 2. c4 g6 3. Nf3 Bg7 4. e3 O-O 5. Be2 c5 6. d5 e6 7. Nc3 d6 8. O-O exd5
9. cxd5 Bg4 10. e4 Nbd7 11. Bf4 Qe7 12. h3 Bxf3 13. Bxf3 a6 14. a4 c4 15. Re1
Rfc8 16. Bg3 Rab8 17. a5 h5 18. Be2 b5 19. axb6 Rxb6 20. Qc2 Ne5 21. Na4 Rb4 22.
f4 Ned7 23. Bf3 Ne8 24. Bf2 Nc7 25. Rad1 Nb5 26. Nc3 Qf6 27. e5 dxe5 28. d6 Nxc3
29. bxc3 Rb5 30. Qa4 Nb8 31. fxe5 Rxe5 32. d7 Rd8 33. Bd4 Nxd7 34. Bxe5 Nxe5 35.
Rxd8+ Qxd8 36. Rf1 Qd3 37. Qxa6 Qxc3 38. Qa8+ Kh7 39. Qd5 Qe3+ 40. Kh1 c3 41.
Be4 Qe2 42. Rc1 f5 43. Bc2 Qe3 44. Ra1 Qf2 45. Bb3 Kh6 46. Rc1 Qe3 47. Rd1 h4
48. Qd4 Ng4 49. Qxe3+ Nxe3 50. Rd6 Kg5 51. Rc6 Bd4 52. Bf7 Bf6 53. Kg1 Nc2 54.
Kf1 Nb4 55. Rc8 Nd3 56. Ke2 Nf4+ 57. Kf1 Bd4 58. Rc6 Be5 59. Be8 Bd4 60. Bf7 Kh6
61. Rc4 Be5 62. Rc5 Bf6 63. Rc6 Kg7 64. Bb3 Be5 65. Rc5 Kf6 66. Rc6+ Ke7 67. Bc2
Nd5 68. Bb3 Nf4 69. Bc2 Kd7 70. Rxg6 Nxg6 71. Bxf5+ Kd6 72. Bxg6 1/2-1/2

[Event "Online Olym Top DivA 2020"]
[Site "chess.com INT"]
[Date "2020.08.23"]
[Round "8.1"]
[Board "2"]
[White "Tabatabaei, M.amin"]
[Black "Nguyen, Ngoc Truong Son"]
[Result "1-0"]
[WhiteTitle "GM"]
[BlackTitle "GM"]
[WhiteElo "2629"]
[BlackElo "2641"]
[WhiteTeam "Iran"]
[BlackTeam "Vietnam"]
[WhiteFideId "12521213"]
[BlackFideId "12401110"]
[EventDate "2020.08.21"]
[EventType "team"]

1. d4 Nf6 2. c4 e6 3. Nc3 Bb4 4. Nf3 d5 5. Bg5 h6 6. Bxf6 Qxf6 7. Qb3 c5 8. cxd5
exd5 9. e3 O-O 10. dxc5 Bxc3+ 11. Qxc3 Qxc3+ 12. bxc3 Nd7 13. Rd1 Nxc5 14. Rxd5
b6 15. Rd2 Bb7 16. Nd4 Rac8 17. f3 Na4 18. c4 Ba6 19. Rc2 Rc7 20. Kf2 Rfc8 21.
Bd3 Nc5 22. Be2 g6 23. g4 Nb7 24. h4 Bxc4 25. h5 Bxe2 26. Rxc7 Rxc7 27. Kxe2 g5
28. Nf5 Rc2+ 29. Kd3 Rxa2 30. Nxh6+ Kg7 31. Nf5+ Kh7 32. Rd1 Nc5+ 33. Kc4 Rf2
34. Rd6 Rxf3 35. Rf6 Rf1 36. Rxf7+ Kh8 37. Kd5 a5 38. Rf8+ Kh7 39. Rf7+ Kh8 40.
Ke5 Rd1 41. h6 a4 42. Ne7 Nd7+ 43. Ke6 Nc5+ 44. Kf6 Rd6+ 45. Kxg5 Ne4+ 46. Kh5
Ng3+ 47. Kh4 Ne4 48. g5 1-0

[Event "Online Olym Top DivA 2020"]
[Site "chess.com INT"]
[Date "2020.08.23"]
[Round "8.1"]
[Board "3"]
[White "Pham, Le Thao Nguyen"]
[Black "Khademalsharieh, Sarasadat"]
[Result "0-1"]
[WhiteTitle "IM"]
[BlackTitle "IM"]
[WhiteElo "2366"]
[BlackElo "2494"]
[WhiteTeam "Vietnam"]
[BlackTeam "Iran"]
[WhiteFideId "12401226"]
[BlackFideId "12512214"]
[EventDate "2020.08.21"]
[EventType "team"]

1. d4 d5 2. Nf3 Nf6 3. Bg5 Ne4 4. Bf4 c5 5. c3 cxd4 6. Nxd4 Nc6 7. e3 g6 8. Bb5
Bd7 9. Qb3 a6 10. Be2 Bc8 11. f3 Nc5 12. Qd1 Bg7 13. Nb3 Na4 14. Qd2 e5 15. Bg3
b5 16. O-O Be6 17. f4 O-O 18. fxe5 Nxe5 19. Na3 Qb6 20. Nd4 Nc5 21. Bf3 Ne4 22.
Bxe4 dxe4 23. Bxe5 Bxe5 24. Nxe6 Qxe6 25. Nc2 f5 26. Nd4 Qd6 27. g3 Rad8 28. a3
h5 29. Qg2 Kg7 30. Rad1 Qf6 31. Rd2 Rd6 32. Rdf2 Qg5 33. Re2 Rdf6 34. Kh1 Rh8
35. Rg1 Kf7 36. h3 Rc8 37. Qf2 Bxd4 38. cxd4 Rfc6 39. Qf4 Qxf4 40. gxf4 Rc2 41.
Rgg2 Rc1+ 42. Kh2 h4 43. Rd2 a5 44. Rge2 b4 45. axb4 axb4 46. d5 b3 47. Kg2 R8c2
48. Kf2 Ke7 49. Rd4 Rb1 50. Red2 Rbxb2 51. Ke2 Kd6 52. Kd1 Rxd2+ 53. Rxd2 Ra2
54. Kc1 Rxd2 55. Kxd2 Kxd5 56. Kc3 g5 57. fxg5 f4 58. exf4 e3 59. g6 Ke6 0-1

[Event "Online Olym Top DivA 2020"]
[Site "chess.com INT"]
[Date "2020.08.23"]
[Round "8.1"]
[Board "4"]
[White "Alinasab, Mobina"]
[Black "Hoang, Thi Bao Tram"]
[Result "0-1"]
[WhiteTitle "WIM"]
[BlackTitle "WGM"]
[WhiteElo "2317"]
[BlackElo "2288"]
[WhiteTeam "Iran"]
[BlackTeam "Vietnam"]
[WhiteFideId "12528897"]
[BlackFideId "12401102"]
[EventDate "2020.08.21"]
[EventType "team"]

1. e4 c6 2. d4 d5 3. e5 g6 4. f4 Bg7 5. Nf3 Nh6 6. Be3 Qb6 7. b3 f6 8. h3 Na6 9.
g4 Nf7 10. Qd2 Nc7 11. c3 a5 12. Na3 fxe5 13. dxe5 c5 14. Qf2 d4 15. Bd2 dxc3
16. Bxc3 O-O 17. Nc4 Qc6 18. a4 Be6 19. Be2 Nd5 20. Bd2 Nb4 21. O-O Bd5 22. Ne3
Bxb3 23. Bb5 Qc8 24. Nc4 Nd5 25. Qg3 e6 26. Rfc1 Qc7 27. Rab1 Bxc4 28. Bxc4 Rad8
29. Rb5 b6 30. Rcb1 Rb8 31. h4 Rfd8 32. R5b2 Qc6 33. Bb5 Qc7 34. Bc4 Qc6 35. Bb5
Qc8 36. g5 Nb4 37. Bc4 Qc6 38. Qg4 Nd5 39. Bb5 Qc8 40. h5 Rf8 41. hxg6 hxg6 42.
Nh4 Ne7 43. Bd3 c4 44. Rc2 Qc5+ 45. Kf1 Qd5 46. Bxc4 Qh1+ 47. Qg1 Qxh4 48. Bxe6
Nf5 49. Rb3 Rbe8 50. Rcc3 Rxe6 51. Rh3 Qxh3+ 52. Rxh3 Ne7 53. Ke1 Nd8 54. Qg4
Nf5 55. Rd3 Nc6 56. Bc3 Rfe8 57. Kd2 Bf8 58. Rd7 Bb4 59. Bxb4 axb4 60. Qg2 Nce7
61. Qh3 Rc6 62. Qb3+ Kf8 63. Qxb4 Rec8 64. Ke1 Rc1+ 65. Rd1 R1c6 66. Qe4 Rc4 67.
Qf3 Rc3 68. Qb7 R8c6 69. Rd8+ Kf7 70. Qb8 Rc1+ 71. Rd1 R1c4 72. Rd8 Rxf4 73.
Rf8+ Ke6 74. Rf6+ Kd5 75. Rxc6 Kxc6 76. Qe8+ Kc5 77. Qb5+ Kd4 78. Qxb6+ Kxe5 79.
a5 Nd5 80. Qb8+ Ke4 81. a6 Ng3 82. Qe8+ Kd4 83. Qh8+ Kd3 84. Qh3 Rf1+ 85. Qxf1+
Nxf1 86. Kxf1 Ke4 87. Kf2 Kf4 88. a7 Nb6 0-1

[Event "Online Olym Top DivA 2020"]
[Site "chess.com INT"]
[Date "2020.08.23"]
[Round "8.1"]
[Board "5"]
[White "Tran, Minh Thang"]
[Black "Gholami, Aryan"]
[Result "1/2-1/2"]
[WhiteTitle "IM"]
[BlackTitle "GM"]
[WhiteElo "2335"]
[BlackElo "2507"]
[WhiteTeam "Vietnam"]
[BlackTeam "Iran"]
[WhiteFideId "12401080"]
[BlackFideId "12513342"]
[EventDate "2020.08.21"]
[EventType "team"]

1. d4 Nf6 2. Bf4 e6 3. e3 b6 4. Nd2 Bb7 5. Ngf3 Be7 6. Bd3 Nh5 7. O-O Nxf4 8.
exf4 c5 9. dxc5 bxc5 10. f5 O-O 11. fxe6 fxe6 12. Qe2 Qe8 13. Ne5 Nc6 14. Ndc4
Nd4 15. Qg4 d6 16. c3 Nf5 17. Na5 Bxg2 18. Kxg2 dxe5 19. Nc4 Rd8 20. Be4 Bf6 21.
Kh1 g6 22. b3 Qf7 23. Rae1 Qg7 24. Rg1 Kh8 25. Qh3 Rf7 26. Re2 Rfd7 27. Rge1 Rd1
28. Bc2 Rxe1+ 29. Rxe1 Qc7 30. Be4 Rd7 31. Qf3 Rd8 32. Ne3 Bg5 33. Nc4 Bf4 34.
Qg4 Rd7 35. Qf3 Rd8 36. Qe2 Qe7 37. Qg4 Qf6 38. Qh3 Kg7 39. Qg4 Ne7 40. Bg2 Rd3
41. Be4 Rxc3 42. Nd6 Kf8 43. Bg2 Rd3 44. Ne4 Qf5 45. Qh4 h5 46. Nxc5 Rd2 47. Ne4
Rxa2 48. Rd1 Nd5 49. Qd8+ Kg7 50. Qd7+ Qf7 51. Qc8 Rb2 52. Nc5 Ne7 53. Nxe6+ Kf6
54. Qh8+ Kxe6 55. Bh3+ Nf5 56. Qd8 Qb7+ 57. Bg2 Qe7 58. Qh8 Nd4 59. Bh3+ Kd6 60.
Rxd4+ exd4 61. Qxd4+ Kc7 62. Qxb2 Qe4+ 63. Kg1 Qe1+ 64. Kg2 Qe4+ 65. Kg1 Be5 66.
Qc1+ Kd6 67. Qa3+ Kc7 68. Qa5+ Kd6 69. Qa3+ Kc7 70. Qxa7+ Kd6 71. Qb6+ Ke7 72.
Qe6+ Kf8 73. Qc8+ Kg7 74. Qc4 Qxc4 75. bxc4 1/2-1/2

[Event "Online Olym Top DivA 2020"]
[Site "chess.com INT"]
[Date "2020.08.23"]
[Round "8.1"]
[Board "6"]
[White "Zahedifar, Anahita"]
[Black "Bach, Ngoc Thuy Duong"]
[Result "1-0"]
[WhiteTitle "WFM"]
[BlackTitle "WIM"]
[WhiteElo "2213"]
[BlackElo "2239"]
[WhiteTeam "Iran"]
[BlackTeam "Vietnam"]
[WhiteFideId "12560715"]
[BlackFideId "12408956"]
[EventDate "2020.08.21"]
[EventType "team"]

1. d4 d5 2. c4 e6 3. Nc3 c6 4. e4 dxe4 5. Nxe4 Bb4+ 6. Bd2 Qxd4 7. Bxb4 Qxe4+ 8.
Ne2 Na6 9. Bf8 Ne7 10. Bxg7 Rg8 11. Bc3 Qxc4 12. Ng3 Qd5 13. Bxa6 bxa6 14. Qc2
f5 15. f3 Kf7 16. O-O Qc5+ 17. Kh1 Nd5 18. Rfe1 Bd7 19. Re5 Rg6 20. Rae1 Rag8
21. R1e2 Qc4 22. Qb3 Qxb3 23. axb3 Rb8 24. b4 Rgg8 25. Re1 a5 26. bxa5 a6 27.
R5e2 Rb3 28. Be5 Rgb8 29. Bxb8 Rxb8 30. Rc2 Rb5 31. Ra1 Ke7 32. Ne2 Rb4 33. Kg1
Ne3 34. Rc3 Nd5 35. Rc2 Ne3 36. Rd2 Nc4 37. Rd4 c5 38. Rh4 Nxb2 39. Rxb4 cxb4
40. Rb1 Nd3 41. Rb3 Bb5 42. Nd4 Bc4 43. Rb1 Kd6 44. Kf1 Kd5 45. Nc2 f4 46. Ke2
b3 47. Na3 Nc5+ 48. Kd2 Bd3 49. Re1 b2 50. Kc3 Bf5 51. Rg1 b1=Q 52. Nxb1 Na4+
53. Kb4 Nb2 54. Nc3+ Kd4 55. Ne2+ Ke3 56. Nc3 Bc2 57. Ra1 Kd4 58. Ne2+ Ke3 59.
Ra2 Nd3+ 60. Kc3 1-0

[Event "Online Olym Top DivA 2020"]
[Site "chess.com INT"]
[Date "2020.08.23"]
[Round "8.2"]
[Board "1"]
[White "Bilguun, Sumiya"]
[Black "Megaranto, Susanto"]
[Result "0-1"]
[WhiteTitle "GM"]
[BlackTitle "GM"]
[WhiteElo "2454"]
[BlackElo "2550"]
[WhiteTeam "Mongolia"]
[BlackTeam "Indonesia"]
[WhiteFideId "4901541"]
[BlackFideId "7101384"]
[EventDate "2020.08.21"]
[EventType "team"]

1. e4 d5 2. exd5 Qxd5 3. Nf3 Nf6 4. Nc3 Qa5 5. Bc4 c6 6. d3 Bf5 7. Bd2 Qc7 8. a4
e6 9. h3 Nbd7 10. Qe2 Bg6 11. Nh4 Bd6 12. Nxg6 hxg6 13. Ne4 Nxe4 14. Qxe4 a5 15.
d4 Nf6 16. Qd3 Bf4 17. Bxf4 Qxf4 18. Qe3 Qxe3+ 19. fxe3 g5 20. Ke2 Ke7 21. c3
Rh4 22. Bd3 Rah8 23. Rhg1 g4 24. hxg4 Rxg4 25. Raf1 Rh2 26. Kf3 Rg5 27. e4 Nh5
28. Be2 Ng3 29. Re1 Rh4 30. Bd1 f6 31. Re3 e5 32. Bc2 Rf4# 0-1

[Event "Online Olym Top DivA 2020"]
[Site "chess.com INT"]
[Date "2020.08.23"]
[Round "8.2"]
[Board "2"]
[White "Priasmoro, Novendra"]
[Black "Agibileg, Uurtsaikh"]
[Result "1-0"]
[WhiteTitle "IM"]
[BlackTitle "IM"]
[WhiteElo "2502"]
[BlackElo "2413"]
[WhiteTeam "Indonesia"]
[BlackTeam "Mongolia"]
[WhiteFideId "7105029"]
[BlackFideId "4901606"]
[EventDate "2020.08.21"]
[EventType "team"]

1. e4 c5 2. Nf3 e6 3. d4 cxd4 4. Nxd4 Nc6 5. Nc3 a6 6. g3 Nxd4 7. Qxd4 b5 8. Bg2
Bb7 9. O-O Qc7 10. Re1 d6 11. a4 bxa4 12. Qxa4+ Qc6 13. Qxc6+ Bxc6 14. Nd5 O-O-O
15. Nb4 Bb7 16. Nxa6 Nf6 17. Re3 Kd7 18. Rb3 Bxe4 19. Bxe4 Nxe4 20. Rb7+ Kc6 21.
Rc7+ Kb6 22. Be3+ Nc5 23. b4 Ra8 24. bxc5+ dxc5 25. Rb1+ Kxa6 26. Rcb7 Rd8 27.
R7b2 1-0

[Event "Online Olym Top DivA 2020"]
[Site "chess.com INT"]
[Date "2020.08.23"]
[Round "8.2"]
[Board "3"]
[White "Munguntuul, Batkhuyag"]
[Black "Sukandar, Irine Kharisma"]
[Result "1/2-1/2"]
[WhiteTitle "IM"]
[BlackTitle "IM"]
[WhiteElo "2428"]
[BlackElo "2413"]
[WhiteTeam "Mongolia"]
[BlackTeam "Indonesia"]
[WhiteFideId "4900758"]
[BlackFideId "7101937"]
[EventDate "2020.08.21"]
[EventType "team"]

1. e4 c5 2. Nf3 Nc6 3. d4 cxd4 4. Nxd4 g6 5. c4 Nf6 6. Nc3 d6 7. f3 Nxd4 8. Qxd4
Bg7 9. Be3 O-O 10. Qd2 a5 11. Be2 a4 12. Rb1 Qa5 13. O-O Be6 14. Rfd1 Rfc8 15.
Nd5 Qxd2 16. Rxd2 Nxd5 17. exd5 Bf5 18. Rf1 a3 19. g4 Bd7 20. b3 Bc3 21. Rdd1
Bb4 22. Bd3 Bc5 23. Rfe1 Kf8 24. Kg2 Bxe3 25. Rxe3 Rab8 26. Rde1 e6 27. dxe6
Bxe6 28. h4 d5 29. cxd5 Bxd5 30. h5 Re8 31. hxg6 hxg6 32. Re5 Rbd8 33. Bb5 Rxe5
34. Rxe5 Bc6 35. Bxc6 Rd2+ 36. Kf1 bxc6 37. Re2 Rb2 38. Ke1 Kg7 39. Kd1 Rb1+ 40.
Kd2 Kf6 41. Kc3 Kg5 42. Kb4 Rb2 43. Re7 Rxa2 44. Rxf7 Ra1 45. Rc7 a2 46. Ka3 Rf1
47. Kxa2 Rxf3 48. Rxc6 Rf4 49. Ka3 Rxg4 50. b4 Rg1 51. b5 Rb1 52. b6 Kf5 53. Ka4
g5 54. Rc5+ Kf4 55. Rc4+ Kf3 56. Rb4 Ra1+ 57. Kb5 Ra8 58. b7 Rb8 59. Kc6 g4 60.
Kc7 Rxb7+ 61. Rxb7 g3 62. Kd6 g2 63. Rb1 Kf2 64. Ke5 g1=Q 65. Rxg1 Kxg1 1/2-1/2

[Event "Online Olym Top DivA 2020"]
[Site "chess.com INT"]
[Date "2020.08.23"]
[Round "8.2"]
[Board "4"]
[White "Sihite, Chelsie Monica Ignesias"]
[Black "Batchimeg, Tuvshintugs"]
[Result "1/2-1/2"]
[WhiteTitle "WIM"]
[BlackTitle "IM"]
[WhiteElo "2252"]
[BlackElo "2356"]
[WhiteTeam "Indonesia"]
[BlackTeam "Mongolia"]
[WhiteFideId "7101198"]
[BlackFideId "4900839"]
[EventDate "2020.08.21"]
[EventType "team"]

1. c4 e6 2. Nc3 d5 3. Nf3 c6 4. e3 f5 5. d4 Nf6 6. Be2 Bd6 7. Ne5 O-O 8. f4 Bd7
9. c5 Bc7 10. O-O Be8 11. Bd2 Nbd7 12. Be1 Nxe5 13. fxe5 Nd7 14. b4 Qg5 15. Rf3
b6 16. b5 bxc5 17. bxc6 Nb8 18. Nb5 Qe7 19. Bh4 Qf7 20. Rg3 Nxc6 21. Bf6 g6 22.
Nxc7 Qxc7 23. Rc1 c4 24. Qe1 Rb8 25. h4 Rb2 26. Bf3 Nb4 27. Qc3 Rxf6 28. Qxb2
Nd3 29. Qa3 Nxc1 30. exf6 Qxg3 31. Qe7 Qe1+ 32. Kh2 Qxh4+ 33. Kg1 Qe1+ 34. Kh2
Qh4+ 35. Kg1 Qe1+ 36. Kh2 Qh4+ 1/2-1/2

[Event "Online Olym Top DivA 2020"]
[Site "chess.com INT"]
[Date "2020.08.23"]
[Round "8.2"]
[Board "5"]
[White "Batsuren, Dambasuren"]
[Black "Arfan, Aditya Bagus"]
[Result "1-0"]
[WhiteTitle "IM"]
[BlackTitle "CM"]
[WhiteElo "2481"]
[BlackElo "2274"]
[WhiteTeam "Mongolia"]
[BlackTeam "Indonesia"]
[WhiteFideId "4902920"]
[BlackFideId "7106041"]
[EventDate "2020.08.21"]
[EventType "team"]

1. d4 Nf6 2. c4 g6 3. Nc3 Bg7 4. g3 O-O 5. Bg2 d6 6. Nf3 Nc6 7. O-O Bf5 8. d5
Na5 9. Nd2 c5 10. e4 Bd7 11. Rb1 e5 12. dxe6 Bxe6 13. b3 Nc6 14. Bb2 Ng4 15. h3
Nge5 16. Ne2 f5 17. f4 Nf7 18. Bxg7 Kxg7 19. Nc3 Qf6 20. Rc1 Rae8 21. Nf3 a6 22.
Qd2 Nd4 23. exf5 Bxf5 24. Nd5 Nxf3+ 25. Bxf3 Qd4+ 26. Qxd4+ cxd4 27. g4 Be4 28.
Nc7 Re7 29. Bxe4 Rxe4 30. Rfe1 Rxe1+ 31. Rxe1 Nd8 32. Re4 d3 33. Kf2 Rf7 34.
Ne8+ Kf8 35. Ke3 Re7 36. Nxd6 d2 37. Kxd2 Rd7 38. c5 b6 39. Kc3 bxc5 40. Re8+
Kg7 41. Ne4 Nb7 42. Re5 Rc7 43. h4 h6 44. h5 gxh5 45. gxh5 a5 46. Kc4 a4 47.
bxa4 Na5+ 48. Kb5 Nb7 49. Nxc5 Nd6+ 50. Kb4 Rf7 51. Ne6+ Kf6 52. Nd4 Rb7+ 53.
Kc5 Nf7 54. Re6+ Kg7 55. Nf5+ Kf8 56. Nxh6 Rc7+ 57. Kb6 Rc4 58. Rf6 Kg7 59.
Rxf7+ Kxh6 60. Kb5 Re4 61. Rf5 Rd4 62. a5 Re4 63. a6 Rxf4 64. Rxf4 1-0

[Event "Online Olym Top DivA 2020"]
[Site "chess.com INT"]
[Date "2020.08.23"]
[Round "8.2"]
[Board "6"]
[White "Fisabilillah, Ummi"]
[Black "Bayasgalan, Khishigbaatar"]
[Result "1-0"]
[WhiteTitle "WIM"]
[BlackTitle "WCM"]
[WhiteElo "2159"]
[BlackElo "1640"]
[WhiteTeam "Indonesia"]
[BlackTeam "Mongolia"]
[WhiteFideId "7104804"]
[BlackFideId "4904311"]
[EventDate "2020.08.21"]
[EventType "team"]

1. e4 c5 2. Nf3 e6 3. d3 Nc6 4. Nbd2 d6 5. g3 g6 6. Bg2 Bg7 7. O-O Nge7 8. Re1
O-O 9. Nf1 Rb8 10. c3 e5 11. Be3 Bg4 12. Qd2 Bxf3 13. Bxf3 b5 14. Bg2 b4 15. h4
Qd7 16. h5 f5 17. exf5 Nxf5 18. hxg6 hxg6 19. Nh2 Nce7 20. Nf3 Nxe3 21. Qxe3 Nf5
22. Qe4 Bf6 23. Qg4 Kg7 24. Nd2 Qf7 25. Nc4 Be7 26. Re2 Rh8 27. Rae1 Rh6 28. f4
exf4 29. Qxf4 Bf8 30. Rf1 Rh8 31. g4 Nh6 32. Qg5 Qd7 33. Qf6+ Kh7 34. Re6 Qg7
35. Qh4 Kg8 36. Bd5 Nf7 37. Qf2 Qh7 38. Rxg6+ Qxg6 39. Bxf7+ Kg7 40. Bxg6 Kxg6
41. Qf7+ Kg5 42. Rf5+ Kh4 43. Qf6+ Kg3 44. Rf3+ Kxg4 45. Qf5+ 1-0

[Event "Online Olym Top DivA 2020"]
[Site "chess.com INT"]
[Date "2020.08.23"]
[Round "8.3"]
[Board "1"]
[White "Pantsulaia, Levan"]
[Black "Yakubboev, Nodirbek"]
[Result "1/2-1/2"]
[WhiteTitle "GM"]
[BlackTitle "GM"]
[WhiteElo "2553"]
[BlackElo "2591"]
[WhiteTeam "Georgia"]
[BlackTeam "Uzbekistan"]
[WhiteFideId "13602071"]
[BlackFideId "14203987"]
[EventDate "2020.08.21"]
[EventType "team"]

1. Nf3 Nf6 2. g3 b5 3. Bg2 Bb7 4. O-O c5 5. b3 g6 6. c4 bxc4 7. bxc4 Bg7 8. Qb3
Bc6 9. Nc3 O-O 10. d3 d6 11. Bd2 Nbd7 12. Rab1 e6 13. Qa3 a6 14. Rb3 Qc7 15.
Rfb1 Rfb8 16. Ne1 Bxg2 17. Nxg2 Qc6 18. Ne3 h5 19. Nc2 d5 20. Qa4 Qc8 21. cxd5
exd5 22. Bf4 Rxb3 23. Qxb3 c4 24. dxc4 dxc4 25. Qa4 Nc5 26. Qxc4 Nce4 27. Qxc8+
Rxc8 28. Nxe4 Nxe4 29. Nb4 Nc3 30. Rb2 g5 31. Be3 Rb8 32. a3 a5 33. Nd3 Rxb2 34.
Nxb2 Nxe2+ 35. Kf1 Bxb2 36. Kxe2 Bxa3 37. Bxg5 Bc5 38. f3 f5 39. h3 Kf7 40. Kd3
a4 41. g4 fxg4 42. fxg4 Kg6 43. Bd8 hxg4 44. hxg4 a3 45. Kc2 Bd4 46. Kb3 Bf6 47.
Bxf6 Kxf6 48. g5+ Kxg5 49. Kxa3 1/2-1/2

[Event "Online Olym Top DivA 2020"]
[Site "chess.com INT"]
[Date "2020.08.23"]
[Round "8.3"]
[Board "2"]
[White "Vokhidov, Shamsiddin"]
[Black "Paichadze, Luka"]
[Result "1-0"]
[WhiteTitle "GM"]
[BlackTitle "GM"]
[WhiteElo "2512"]
[BlackElo "2565"]
[WhiteTeam "Uzbekistan"]
[BlackTeam "Georgia"]
[WhiteFideId "14204223"]
[BlackFideId "13602934"]
[EventDate "2020.08.21"]
[EventType "team"]

1. e4 c6 2. d4 d5 3. exd5 cxd5 4. Bd3 Nc6 5. c3 g6 6. Bf4 Bf5 7. Be2 Nf6 8. h3
Bg7 9. Nf3 O-O 10. O-O h6 11. Nbd2 Ne4 12. Re1 Qb6 13. Qb3 Qxb3 14. axb3 g5 15.
Bh2 a6 16. b4 Bg6 17. Nb3 Rfe8 18. Ne5 Bf5 19. Nxc6 bxc6 20. Bxa6 Ra7 21. Bd3
Rea8 22. Rxa7 Rxa7 23. Na5 Bd7 24. f3 Nf6 25. Rxe7 Bf8 26. Re1 Nh5 27. g4 Ng7
28. Be5 Ne6 29. Bf5 Ra6 30. Ra1 Be7 31. Ra3 f6 32. Bg3 Kf7 33. Nb7 Rb6 34. Ra7
Ke8 35. Bg6+ Kf8 36. Nd6 1-0